000
00244nam a2200097Ia 4500
001
683829
005
20250826161446.0
008
250824s9999 xx 000 0 und d
245
0
_a
İVAN İLYİÇİN ÖLÜMÜ
_c
TOLSTOY
260
_b
ANONİM YAYINLARI
999
_c
683829
_d
683829